Comorbilità psichiatrica e sistema dei servizi nella tossicodipendenza (Record n. 207130)
[ formato base ]
| 000 -LEADER | |
|---|---|
| fixed length control field | 00859npc a2200217Ia 4500 |
| 001 - CONTROL NUMBER | |
| control field | dg83-37769 |
| 003 - CONTROL NUMBER IDENTIFIER | |
| control field | IT-MiCISF |
| 008 - FIXED-LENGTH DATA ELEMENTS--GENERAL INFORMATION | |
| fixed length control field | 161014s9999||||xx | und|| |
| 040 ## - CATALOGING SOURCE | |
| Original cataloging agency | IT-MiCISF |
| Transcribing agency | IT-MiCISF |
| 041 ## - LANGUAGE CODE | |
| Language code of text/sound track or separate title | it |
| 999 ## - SYSTEM CONTROL NUMBERS (KOHA) | |
| Koha Dewey Subclass [OBSOLETE] | si |
| 100 ## - MAIN ENTRY--PERSONAL NAME | |
| Personal name | Coletti Maurizio (a cura di) |
| 245 #0 - TITLE STATEMENT | |
| Title | Comorbilità psichiatrica e sistema dei servizi nella tossicodipendenza |
| Remainder of title | Esperienze, riflessioni, proposte |
| 250 ## - EDITION STATEMENT | |
| Edition statement | 1a ed. |
| 260 ## - PUBLICATION, DISTRIBUTION, ETC. (IMPRINT) | |
| Place of publication, distribution, etc. | Roma |
| Name of publisher, distributor, etc. | Cedis |
| Date of publication, distribution, etc. | 2003 |
| 300 ## - PHYSICAL DESCRIPTION | |
| Extent | pp. 119 |
| 500 ## - GENERAL NOTE | |
| General note | Vergara S., Princi G., Caforio R., Gori E., Giannotti F.C., Bonfà F., Consoli A., De Rose F., Saletti A., Iraci Sareri G., Napoli L., Bignamini E., Amendola M., Peroni D., De Gaetano C., Coletti M. / tossicodipendenza, comunità-terapeutica, servizi-sanita |
| 650 ## - SUBJECT ADDED ENTRY--TOPICAL TERM | |
| Topical term or geographic name as entry element | salute-cura |
| 700 ## - ADDED ENTRY--PERSONAL NAME | |
| Personal name | Caforio Renato (a cura di) |
| 942 ## - ADDED ENTRY ELEMENTS (KOHA) | |
| Koha item type | DOCUMENTI |
| 957 ## - | |
| -- | 1 |
| 999 ## - SYSTEM CONTROL NUMBERS (KOHA) | |
| -- | 1 |
| Withdrawn status | Lost status | Damaged status | Not for loan | Home library | Current library | Date acquired | Total Checkouts | Full call number | Date last seen | Price effective from | Koha item type | Public note |
|---|---|---|---|---|---|---|---|---|---|---|---|---|
| Buone Condizioni | Not For Loan | CISF - Milano | CISF - Milano | 14/10/2016 | dg83-37769 | 14/10/2016 | 14/10/2016 | DOCUMENTI | Data import 15.10.2016 / by Epidotti, Vaglietti |